| 000 | 00775nam a22001937a 4500 | ||
|---|---|---|---|
| 005 | 20260507103106.0 | ||
| 010 | _aHIN-131204 | ||
| 020 |
_c225.00 _a9789390594986 |
||
| 035 | _aHN-103550 | ||
| 037 | _bDBAD | ||
| 082 | _a820 | ||
| 100 | _aवर्मा, राकेश | ||
| 245 |
_aवोट की चोट / _cराकेश वर्मा |
||
| 250 | _aप्रथम | ||
| 260 |
_aनई दिल्ली _bएमपटी कैनवस पब्लिशर्स _c2022 |
||
| 270 |
_a 4435 -36 /7 ,प्रथम तल अंसारी रोड ,दरियागंज _bनई दिल्ली _e110002 |
||
| 300 |
_a182पृ. _c20सेमी (अजिल्द) |
||
| 942 |
_2ddc _cHN _h820 _mवर्मारा |
||
| 999 |
_c211662 _d211662 |
||